Normal view
MARC view
Entry Personal Name
001 - CONTROL NUMBER
- control field: 5602
003 - CONTROL NUMBER IDENTIFIER
- control field: BD-RjUL
005 - DATE AND TIME OF LATEST TRANSACTION
- control field: 20221101092019.0
008 - FIXED-LENGTH DATA ELEMENTS
- fixed length control field: 221101|| aca||aabn | a|a d
040 ## - CATALOGING SOURCE
- Original cataloging agency: BD-RjUL
- Transcribing agency: BD-RjUL
100 ## - HEADING--PERSONAL NAME
- Personal name: উদ্দিন, মোহাম্মদ নাছির
670 ## - SOURCE DATA FOUND
- Source citation: Work cat.: (BD-RjUL)80668: উদ্দিন, মোহাম্মদ নাছির, রোহিঙ্গা সমাজ ও সংস্কৃতিতে বাংলার প্রভাব, ১৪৩০-২০০৫ খ্রিস্টাব্দ :, ২০০৮